| 000 | 00711nam a2200241 a 4500 | ||
|---|---|---|---|
| 001 | 000012130 | ||
| 003 | DO-SdBNP | ||
| 005 | 20240530073913.0 | ||
| 007 | ta | ||
| 008 | 091105s2004 dr 000 f spa d | ||
| 020 | _a999340456X | ||
| 040 |
_aDO-SdBNP _bspa _cBNPHU |
||
| 082 | 4 |
_aRD863.44 _bD473L _222 |
|
| 100 | 1 |
_aDespradel, Fernando, _d1953 - _928666 |
|
| 245 | 1 | 0 |
_aLuz y sombra en el pantano / _cFernando Despradel. |
| 260 |
_aSanto Domingo : _bEdiciones Bar Fernandito, _c2004. |
||
| 300 |
_a183 p. ; _c21 cm. |
||
| 590 | _aInventariado, 2019/VM | ||
| 650 | 0 |
_aNovela dominicana _9223 |
|
| 650 | 0 |
_aLiteratura dominicana. _967 |
|
| 910 | _aValidado. Control de calidad MMOLINA | ||
| 942 |
_2ddc _cLBS1 |
||
| 999 |
_c11795 _d11795 |
||